Mathematical methods in chemical engineering (Record no. 25039)

000 -LEADER
fixed length control field 00548nam a22002051 4500
001 - CONTROL NUMBER
control field 25039
003 - CONTROL NUMBER IDENTIFIER
control field BD-DhUET
008 - FIXED-LENGTH DATA ELEMENTS--GENERAL INFORMATION
fixed length control field 730313s1963 xx 000 0 eng
040 ## - CATALOGING SOURCE
Original cataloging agency DLC
Transcribing agency OClU
Modifying agency BD-DhUET
082 ## - DEWEY DECIMAL CLASSIFICATION NUMBER
Classification number 660.28
Item number JEN/1963
100 ## - MAIN ENTRY--PERSONAL NAME
Personal name Jenson, V. G.
245 10 - TITLE STATEMENT
Title Mathematical methods in chemical engineering
250 ## - EDITION STATEMENT
Edition statement 1st ed.
260 ## - PUBLICATION, DISTRIBUTION, ETC. (IMPRINT)
Place of publication, distribution, etc. London
Name of publisher, distributor, etc. Academic Press
Date of publication, distribution, etc. 1963
300 ## - PHYSICAL DESCRIPTION
Extent xi, 556 p.
Other physical details illus.
Dimensions 24cm.
504 ## - BIBLIOGRAPHY, ETC. NOTE
Bibliography, etc Includes bibliographies
650 #0 - SUBJECT ADDED ENTRY--TOPICAL TERM
Topical term or geographic name as entry element Chemical engineering
700 ## - ADDED ENTRY--PERSONAL NAME
Personal name Jeffreys, G. V.
942 ## - ADDED ENTRY ELEMENTS (KOHA)
Koha item type General Book
Holdings
Koha date last seen Lost status Koha normalized classification for sorting Damaged status Copy number Not for loan Price effective from Sublocation or collection (holding branch) Source of classification or shelving scheme Date acquired Withdrawn status Koha item type Piece designation (barcode) Shelving location Koha full call number Location (home branch)
2015-05-12 660_280000000000000_JEN_1963 1 2015-05-12Central Library, BUET 2015-05-12 General Book22438Circulation section660.28/JEN/1963Central Library, BUET
2015-05-12 660_280000000000000_JEN_1963 2 2015-05-12Central Library, BUET 2015-05-12 General Book22440Circulation section660.28/JEN/1963Central Library, BUET
2015-05-12 660_280000000000000_JEN_1963 3 2015-05-12Central Library, BUET 2015-05-12 General Book22434Circulation section660.28/JEN/1963Central Library, BUET
2015-05-18 660_280000000000000_JEN_1963 4 2015-05-18Central Library, BUET 2015-05-18 General Book22432Circulation section660.28/JEN/1963Central Library, BUET
2015-05-18 660_280000000000000_JEN_1963 5 2015-05-18Central Library, BUET 2015-05-18 General Book22435Circulation section660.28/JEN/1963Central Library, BUET
2015-05-18 660_280000000000000_JEN_1963 6 2015-05-18Central Library, BUET 2015-05-18 General Book29450Circulation section660.28/JEN/1963Central Library, BUET
2015-05-18 660_280000000000000_JEN_1963 7 2015-05-18Central Library, BUET 2015-05-18 General Book29449Circulation section660.28/JEN/1963Central Library, BUET
2015-05-18 660_280000000000000_JEN_1963 8 2015-05-18Central Library, BUET 2015-05-18 General Book29448Circulation section660.28/JEN/1963Central Library, BUET
2015-05-18 660_280000000000000_JEN_1963 9 2015-05-18Central Library, BUET 2015-05-18 General Book29457Circulation section660.28/JEN/1963Central Library, BUET
2015-05-18 660_280000000000000_JEN_1963 10 2015-05-18Central Library, BUET 2015-05-18 General Book29454Circulation section660.28/JEN/1963Central Library, BUET
2015-05-18 660_280000000000000_JEN_1963 11 2015-05-18Central Library, BUET 2015-05-18 General Book29453Circulation section660.28/JEN/1963Central Library, BUET
2015-05-18 660_280000000000000_JEN_1963 12 2015-05-18Central Library, BUET 2015-05-18 General Book29451Circulation section660.28/JEN/1963Central Library, BUET
2015-05-18 660_280000000000000_JEN_1963 13 2015-05-18Central Library, BUET 2015-05-18 General Book22431Circulation section660.28/JEN/1963Central Library, BUET
2015-05-18 660_280000000000000_JEN_1963 14 2015-05-18Central Library, BUET 2015-05-18 General Book29452Circulation section660.28/JEN/1963Central Library, BUET
2015-05-18 660_280000000000000_JEN_1963 15 2015-05-18Central Library, BUET 2015-05-18 General Book22436Circulation section660.28/JEN/1963Central Library, BUET
2015-06-17 660_280000000000000_JEN_1963 16 2015-06-17Central Library, BUET 2015-06-17 Reading Item29456Reading section660.28/JEN/1963Central Library, BUET
2015-06-18 660_280000000000000_JEN_1963 17 2015-06-18Central Library, BUET 2015-06-18 Reading Item29455.Reading section660.28/JEN/1963Central Library, BUET
2015-07-10 660_280000000000000_JEN_1963 18 2015-07-10Central Library, BUET 2015-07-10 Reading Item22439Reading section660.28/JEN/1963Central Library, BUET